000 00601nam a22002537a 4500
003 UA-OsUOA
001 22134
007 ta
008 20031217b un ||||| |||| 00| 0 ukr d
100 _aПопович М.В.
090 _a13
_bП58
942 _cBK
040 _aUA-OsUOA
_bukr
_cUA-OsUOA
_dUA-OsUOA
245 _aРаціональність і вимір людського буття
300 _a290 с.
955 _a0
041 _aukr
080 _a13
020 _a966-7267-03-2
260 _aКиїв
_bСфера
_c1997
044 _aUA
650 7 _2UDC
999 _c308348
_d308348